000 00450 a2200193 4500
001 127039
020 _a9788596001274
040 _cEscola Canadense de Niteroi
090 _aTeachers
100 _aGiovanni, José
245 1 0 _a360º Matemática Fundamental: uma nova abordagem
250 _a2. ed.
260 _aSão Paulo
300 _a800 p., 318 p.
_bil.
362 0 _a2015
490 0 _a360º
650 4 _aMatemática
942 _cBK
999 _c127039
_d127039